Statistics for Scott Bakula Filmography

Click here to take the quiz!

General Stats

  • This quiz has been taken 9 times
    (3 since last reset)
  • The average score is 38 of 104

Answer Stats

TypeYearName% Correct
TV Show2014, 2016, 2017NCIS
100%
TV Show2012Desperate Housewives
67%
Film2023Divinity
67%
TV Show2012Family Guy
67%
TV Show2014-2021NCIS: New Orleans
67%
TV Show1989-1993Quantum Leap
67%
TV Show2001-2005Star Trek: Enterprise
67%
TV Show2019The Simpsons
67%
Theater19853 Guys Naked from the Waist Down
33%
Film2000Above Suspicion
33%
TV Show1998Adventures from the Book of Virtues
33%
TV Film2001A Girl Thing
33%
Film1999American Beauty
33%
TV Show2007American Body Shop
33%
Film1994A Passion to Kill
33%
Commercial1984Arrid Deodorant
33%
Film2017Basmati Blues
33%
TV Film2013Behind the Candelabra
33%
TV Film2007Blue Smoke
33%
TV Show2008Boston Legal
33%
TV Show2016Brothers Take on New Orleans
33%
TV Show2017CA$H CAB
33%
Commercial1984Canada Dry
33%
TV Show2014Caper
33%
Film1997Cats Don't Dance
33%
TV Show1987CBS Summer Playhouse
33%
Commercial1983Chevrolet
33%
TV Show2009-2010Chuck
33%
Film1994Color of Night
33%
Theater2008Dancing in the Dark
33%
Theater1980Day by Day
33%
TV Show1986-1988Designing Women
33%
TV Show1994Dream On
33%
TV Show1988Eisenhower and Lutz
33%
Film2014Elsa & Fred
33%
Film2013Enter the Dangerous Mind
33%
TV Film2000Father Can't Cope
33%
Commercial1985Folgers Coffee
33%
Short Film1993For Goodness Sake
33%
Film2013Geography Club
33%
Theater1981Godspell
33%
TV Show1986-1987Gung Ho
33%
Film2009Guys and Dolls at the Hollywood Bowl
33%
Theater1981I Love My Wife
33%
TV Film2000In the Name of the People
33%
TV Film1992In the Shadow of a Killer
33%
Theater1982Is There Life After High School?
33%
TV Show2017It's Always Sunny in Philadelphia
33%
TV Pilot2001Late Boomers
33%
TV Show2012Law & Order: Special Victims Unit
33%
Film2001Life as a House
33%
TV Show2014-2015Looking
33%
Film1995Lord of Illusions
33%
Film2000Luminaria
33%
Theater1979Magic to Do
33%
Film1998Major League: Back to the Minors
33%
Theater1983Marilyn: An American Fable
33%
TV Show1987Matlock
33%
TV Film1999Mean Streak
33%
Film2015Me Him Her
33%
TV Documentary1994Men, Movies & Carol
33%
TV Show2009-2011Men of a Certain Age
33%
TV Film1993Mercy Mission: the Rescue of Flight 771
33%
TV Show1996-1997Mr. & Mrs. Smith
33%
TV Show1993-1996Murphy Brown
33%
Film1995My Family
33%
TV Show1986My Sister Sam
33%
Film1991Necessary Roughness
33%
TV Film1999NetForce
33%
Short Film2013NFL Training Video: How Not to Murder People
33%
Theater2007No Strings
33%
TV Film1994Nowhere to Hide
33%
TV Show1978On Our Own
33%
TV Film2000Papa's Angels
33%
TV Film1995Prowler
33%
Film2002Role of a Lifetime
33%
Theater1987, 1988Romance/Romance
33%
Theater1977-1978, 2006Shenandoah
33%
Film1990Sibling Rivalry
33%
Film2011Source Code
33%
Video Game2006Star Trek: Legacy
33%
Film2016Summertime
33%
TV Film2012Table for Three
33%
Theater1981Ta-Dah!
33%
Theater2011Terrible Advice
33%
Theater2008The Autumn Garden
33%
TV Film1996The Bachelor's Baby
33%
Theater1980The Baker's Wife
33%
Documentary2011The Captains
33%
TV Show1986The Disney Sunday Movie
33%
Film2009The Informant!
33%
TV Mini-Series1995The Invaders
33%
TV Film1987The Last Fling
33%
TV Show2016, 2018The Late Show with Stephen Colbert
33%
TV Show2006, 2009, 2010The New Adventures of Old Christine
33%
Theater2007The Quality of Life
33%
TV Show2013The Soup
33%
Short Film2003The Ticket
33%
TV Film2000The Trial of Old Drum
33%
TV Show2008Tracey Ullman's State of the Union
33%
TV Show2013Two and a Half Men
33%
TV Show2022Unbroken
33%
TV Film2001What Girls Learn
33%
TV Show2021What We Do in the Shadows
33%

Score Distribution

Percentile by Number Answered

Percent of People with Each Score

Your Score History

You have not taken this quiz since the last reset